000 00518nam a22001937a 4500
003 KOHA_MİRAKIL
005 20251126143107.0
008 251126b tu ||||| |||| 00| 0 tur d
020 _a9789759955496
040 _aTR-AnABB
_btur
_cTR-AnABB
041 _atur
082 _a297.01
_bTOP 2016
100 1 _aTopçu, Nurettin,
245 1 0 _aİsyan ahlakı /
_cNurettin Topçu
260 _aİstanbul :
_bDergah Yayınları,
_c2016
300 _a243 sayfa ;
_c20 cm
650 0 4 _aİslam
942 _2ddc
_cBK
999 _c9649
_d9649
900 _bGizem YORULMAZ